| Поле | Инд. | ПП | Название | Значение |
|---|---|---|---|---|
| Тип записи | a | |||
| Библиографический уровень | m | |||
| 001 | Контрольный номер | 5bc65474-5842-4dc7-a625-49068b6de529 | ||
| 005 | Дата корректировки | 20230428115658.6 | ||
| 008 | Кодируемые данные | 980911 d | ||
| 020 | a | ISBN | 5-86112-080-3 | |
| 040 | a | Служба первич. каталог. | НБ ТвГУ | |
| 080 | a | Индекс УДК | 781(075.32) | |
| 084 | a | Индекс другой классификации/Индекс ББК | Щ907.11 | |
| 090 | a | Полочн. индекс | Щ907 | |
| x | Авторский знак | А 65 | ||
| 100 | 1_ | a | Автор | Андреева Мария Павловна |
| q | Полное имя | Андреева М. П. | ||
| 245 | 10 | a | Заглавие | От примы до октавы |
| b | Продолж. заглавия | сборник музыкальных примеров для пения и разбора на уроках сольфеджио : [5 класс] | ||
| 250 | a | Основные сведения об издании | Переизд. | |
| 260 | 0_ | a | Место издания | Москва |
| b | Издательство | Кифара | ||
| c | Дата издания | 1994 | ||
| 300 | a | Объем | 126,[1] с. | |
| 440 | _0 | 2 | 0 | |
| a | Серия | 5 класс. ДМШ | ||
| 650 | 04 | a | Основная рубрика | Музыкально-теоретические дисциплины |
| x | Основная подрубрика | Учебники для ДМШ | ||
| 650 | 04 | a | Основная рубрика | Сольфеджио |
| x | Основная подрубрика | Нотные издания | ||
| 653 | 0_ | a | Ключевые слова | Музыка |
| a | Ключевые слова | Музыкально-теоретические дисциплины | ||
| a | Ключевые слова | Ноты | ||
| a | Ключевые слова | Сольфеджио | ||
| a | Ключевые слова | Теория музыки | ||
| a | Ключевые слова | Учебники для ДМШ | ||
| 852 | 41 | i | Расстановочный признак | Проверка 2023 |
| 920 | a | Оператор | Гуль | |
| a | Оператор | Поля | ||
| 930 | a | Новая/Ретро | Учебники | |
| a | Новая/Ретро | Ноты | ||
| 952 | c | Вид литературы | К ру | |
| 954 | a | Дата поступления на обработку | 21.11.94 | |
| e | Дата перешифровки | 20230428 |